|
|
|
|
| LEADER |
00000naa0a2200000 4500 |
| 001 |
597537 |
| 005 |
20250206160438.0 |
| 035 |
|
|
|a (RuTPU)RU\TPU\tpu\20843
|
| 035 |
|
|
|a RU\TPU\tpu\20842
|
| 090 |
|
|
|a 597537
|
| 100 |
|
|
|a 20120307d2003 k y0rusy50 ca
|
| 101 |
0 |
|
|a rus
|
| 102 |
|
|
|a RU
|
| 200 |
1 |
|
|a Защитные и декоративные покрытия в технологии фасадной и строительной керамики
|f Т. В. Вакалова, И. Б. Ревва
|
| 333 |
|
|
|a В фонде НТБ ТПУ отсутствует
|
| 461 |
|
|
|t Строительство и образование
|o сборник научных трудов Уральской научно-практической конференции "Физико-химия и технология оксидно-силикатных материалов", Екатеринбург, 17-18 апреля 2003 г.
|d 2003
|
| 463 |
|
|
|t Т. 1
|v С. 154-156
|d 2003
|
| 610 |
1 |
|
|a труды учёных ТПУ
|
| 700 |
|
1 |
|a Вакалова
|b Т. В.
|c химик-технолог
|c профессор Томского политехнического университета, доктор технических наук
|f 1956-
|g Татьяна Викторовна
|3 (RuTPU)RU\TPU\pers\26197
|9 12005
|
| 701 |
|
1 |
|a Ревва
|b И. Б.
|c химик-технолог
|c доцент Томского политехнического университета, кандидат технических наук
|f 1979-
|g Инна Борисовна
|3 (RuTPU)RU\TPU\pers\26547
|4 070
|9 12236
|
| 801 |
|
1 |
|a RU
|b 63413507
|c 20120307
|
| 801 |
|
2 |
|a RU
|b 63413507
|c 20120307
|g RCR
|
| 942 |
|
|
|c BK
|